[Event "Antwerp League-ch op"]
[Site "Antwerp"]
[Date "1993.09.26"]
[Round "1"]
[White "Dua, Wim"]
[Black "Cornelis, Leon"]
[Result "1/2-1/2"]
[WhiteElo "1765"]
[BlackElo "1579"]
[PlyCount "54"]
[EventDate "1993.09.26"]
[EventType "swiss"]
[EventRounds "9"]
[EventCountry "BEL"]
[SourceTitle "EXT 2021"]
[Source "ChessBase"]
[SourceDate "2020.10.23"]
[SourceVersion "1"]
[SourceVersionDate "2020.10.23"]
[SourceQuality "1"]

1. Nc3 e5 2. Nf3 Nc6 3. d4 exd4 4. Nxd4 Nf6 5. e4 d6 6. Bf4 Ne5 7. Bxe5 dxe5 8. Nf3 Bd6 9. Bd3 0-0 10. h3 a6 11. 0-0 Be6 12. Ng5 Qe7 13. Nxe6 Qxe6 14. Nd5 Nxd5 15. exd5 Qf6 16. Be4 Rad8 17. c4 Bc5 18. Qc2 g6 19. Rad1 Rd6 20. g3 Rb6 21. Kg2 Qe7 22. f4 Bd4 23. f5 Kg7 24. Rd3 Rf6 25. Rdf3 g5 26. Qd2 h6 27. h4 g4 1/2-1/2